000 00856 a2200181 4500
003 Nust
005 20220721110759.0
040 _cNust
082 _a004,ASL
100 _aAslam, Muhammad
_994284
245 _aA guide book to computer science
_bintermediate class-XI /
_cMuhammad Aslam, Muhammad Tauqeer
260 _aLahore
_bPolymer Books
_c1999
300 _a220 p.
505 _aIntroduction to computer (Page 7), Digital computer components (Page 19), The Peripheral devices (Page 37), Data Representation (Page 59), Boolean Algebra (Page 104), Simplification and implementation of Boolean Functions (Page 140), Data Communication (Page 176), Introduction to disk operating system (DOS) (Page 196), Examination paper (Lahore Board) (Page 217).
650 _aComputer science
700 _aMuhammad Tauqueer
_994285
942 _2ddc
_cBK
_k004,ASL
999 _c176537
_d176537